[Event "ESP-ch zone 2"]
[Site "Merida"]
[Date "2008.08.18"]
[Round "1.2"]
[White "Teran Alvarez, Ismael"]
[Black "De Nacimiento Montano, Antonio"]
[Result "1-0"]
[WhiteElo "2442"]
[BlackElo "2045"]
[PlyCount "63"]
[EventDate "2008.08.18"]
[EventType "swiss"]
[EventRounds "4"]
[EventCountry "ESP"]
[SourceTitle "CBM 126 Extra"]
[Source "ChessBase"]
[SourceDate "2008.11.05"]
[SourceVersion "1"]
[SourceVersionDate "2008.11.05"]
[SourceQuality "1"]

1. e4 c5 2. Nc3 g6 3. g3 Bg7 4. Bg2 Nc6 5. d3 e6 6. Be3 d6 7. Qd2 Rb8 8. Nge2 Nd4 9. 0-0 b5 10. Nd1 b4 11. Nc1 Ne7 12. c3 bxc3 13. bxc3 Ndc6 14. Bh6 0-0 15. Bxg7 Kxg7 16. Ne3 e5 17. f4 f6 18. Ne2 Ba6 19. g4 Qb6 20. Rac1 Qb5 21. Rf3 Kh8 22. Nd5 Nxd5 23. exd5 Ne7 24. c4 Qb2 25. Qe1 Bc8 26. h3 Qxa2 27. Nc3 Qa6 28. fxe5 dxe5 29. Ne4 Rb2 30. Nxf6 Qa2 31. Bf1 Rc2 32. Rxc2 1-0

[Event "ESP-ch U18"]
[Site "Padron"]
[Date "2008.07.30"]
[Round "6"]
[White "De Nacimiento Montano, Antonio"]
[Black "Aboy Nieto, Pablo"]
[Result "1-0"]
[WhiteElo "2045"]
[BlackElo "1949"]
[PlyCount "143"]
[EventDate "2008.07.27"]
[EventType "swiss"]
[EventRounds "9"]
[EventCountry "ESP"]
[SourceTitle "CBM 125 Extra"]
[Source "ChessBase"]
[SourceDate "2008.09.01"]
[SourceVersion "1"]
[SourceVersionDate "2008.09.01"]
[SourceQuality "1"]

1. e4 d5 2. exd5 Qxd5 3. Nc3 Qa5 4. d4 c6 5. Nf3 Bg4 6. h3 Bh5 7. g4 Bg6 8. Ne5 Nd7 9. Nxd7 Kxd7 10. d5 Rd8 11. dxc6+ Kc7 12. Qe2 bxc6 13. Bd2 e6 14. Bg2 Bb4 15. a3 Nf6 16. 0-0 Bxc3 17. Bxc3 Qb6 18. Qe5+ Kb7 19. Ba5 Nd7 20. Qd6 Nb8 21. Qe7+ Rd7 22. Qxd7+ Nxd7 23. Bxb6 Nxb6 24. Rfd1 Kc7 25. b3 Rb8 26. Rd2 Rd8 27. Rad1 Rxd2 28. Rxd2 f6 29. Kf1 Nd7 30. Ke2 Nc5 31. Ke3 e5 32. f4 exf4+ 33. Kxf4 Ne6+ 34. Ke3 Nf8 35. Be4 Bf7 36. g5 Nd7 37. Bf5 Nf8 38. gxf6 gxf6 39. Rg2 Bg6 40. Bxg6 hxg6 41. h4 Kd6 42. Rd2+ Kc7 43. c4 Nd7 44. Rd4 Ne5 45. c5 Nf7 46. Kf4 Nd8 47. Rd6 g5+ 48. Ke3 gxh4 49. Rxf6 Kb7 50. b4 a5 51. Kd3 axb4 52. axb4 h3 53. Kc4 h2 54. Rh6 Nf7 55. Rh7 Ka6 56. Rxh2 Ne5+ 57. Kb3 Kb5 58. Ra2 Nc4 59. Kc3 Na3 60. Kb3 Nc4 61. Ra8 Nd2+ 62. Kc2 Ne4 63. Kd3 Nf2+ 64. Kc3 Ne4+ 65. Kd4 Nd2 66. Kd3 Nb1 67. Ra1 Nc3 68. Ra3 Nd5 69. Rb3 Nf4+ 70. Kd4 Nd5 71. Rb1 Ka4 72. b5 1-0

[Event "ESP-ch U18"]
[Site "Padron"]
[Date "2008.07.28"]
[Round "3"]
[White "Riera Morilla, Elizabeth"]
[Black "De Nacimiento Montano, Antonio"]
[Result "1/2-1/2"]
[WhiteElo "1915"]
[BlackElo "2045"]
[PlyCount "71"]
[EventDate "2008.07.27"]
[EventType "swiss"]
[EventRounds "9"]
[EventCountry "ESP"]
[SourceTitle "CBM 125 Extra"]
[Source "ChessBase"]
[SourceDate "2008.09.01"]
[SourceVersion "1"]
[SourceVersionDate "2008.09.01"]
[SourceQuality "1"]

1. e4 c5 2. Nf3 e6 3. d4 cxd4 4. Nxd4 a6 5. Bd3 Nc6 6. Nb3 Nf6 7. 0-0 Be7 8. Nc3 d5 9. Qe2 d4 10. Nd1 e5 11. f4 Bd6 12. f5 b5 13. Nf2 Bb7 14. g4 Qb6 15. a4 Nb4 16. axb5 Nxd3 17. cxd3 Qxb5 18. Na5 Nd7 19. g5 Nc5 20. Nc4 Bc7 21. b4 Nd7 22. Ng4 f6 23. gxf6 Nxf6 24. Nxf6+ gxf6 25. Bh6 0-0-0 26. Rfc1 Kb8 27. Na5 Bxa5 28. bxa5 Rc8 29. Rcb1 Qc5 30. Qb2 Rc7 31. Rc1 Qb5 32. Qxb5 axb5 33. Rxc7 Kxc7 34. Kf2 Rg8 35. a6 Bc6 36. a7 1/2-1/2

[Event "ESP-ch U18"]
[Site "Padron"]
[Date "2008.07.27"]
[Round "1"]
[White "Carnero Rodriguez, Sergio"]
[Black "De Nacimiento Montano, Antonio"]
[Result "0-1"]
[WhiteElo "1765"]
[BlackElo "2045"]
[PlyCount "120"]
[EventDate "2008.07.27"]
[EventType "swiss"]
[EventRounds "9"]
[EventCountry "ESP"]
[SourceTitle "CBM 125 Extra"]
[Source "ChessBase"]
[SourceDate "2008.09.01"]
[SourceVersion "1"]
[SourceVersionDate "2008.09.01"]
[SourceQuality "1"]

1. e4 c5 2. Nf3 e6 3. Nc3 a6 4. a4 Nc6 5. Be2 Nf6 6. 0-0 Qb6 7. d3 d6 8. h3 Be7 9. Bd2 0-0 10. Qc1 Qc7 11. Be3 e5 12. Nh2 Nd4 13. Qd2 Bd7 14. f4 b5 15. axb5 axb5 16. Bxd4 cxd4 17. Nd5 Nxd5 18. exd5 Qc5 19. fxe5 dxe5 20. Bf3 Rxa1 21. Rxa1 Rc8 22. Kf1 f5 23. c3 Bd6 24. cxd4 Qxd4 25. Qf2 Qxd3+ 26. Be2 Qxd5 27. Nf3 Rc2 28. Qh4 e4 29. Qd8+ Bf8 30. Rd1 Qc5 31. Qxd7 exf3 32. gxf3 Rc1 33. Qe6+ Kh8 34. Qb3 h6 35. Kg2 Rc2 36. Kf1 b4 37. Qf7 Kh7 38. Rd5 Rc1+ 39. Rd1 Bd6 40. Kg2 Rc2 41. Qe6 Rxb2 42. h4 Qe5 43. Qxe5 Bxe5 44. Kf1 Kg6 45. Rd5 Kf6 46. Rb5 b3 47. Bd3 g6 48. h5 gxh5 49. f4 Bd4 50. Rxf5+ Kg7 51. Rxh5 Rf2+ 52. Ke1 Rxf4 53. Kd1 Rf2 54. Kc1 Rg2 55. Rb5 b2+ 56. Kb1 Rg1+ 57. Ka2 Ra1+ 58. Kb3 b1Q+ 59. Bxb1 Rxb1+ 60. Kc4 Rxb5 0-1

[Event "ESP-ch U18"]
[Site "Padron"]
[Date "2008.07.27"]
[Round "2"]
[White "De Nacimiento Montano, Antonio"]
[Black "Alonso Rosell, Alvar"]
[Result "0-1"]
[WhiteElo "2045"]
[BlackElo "2393"]
[PlyCount "62"]
[EventDate "2008.07.27"]
[EventType "swiss"]
[EventRounds "9"]
[EventCountry "ESP"]
[SourceTitle "CBM 125 Extra"]
[Source "ChessBase"]
[SourceDate "2008.09.01"]
[SourceVersion "1"]
[SourceVersionDate "2008.09.01"]
[SourceQuality "1"]

1. e4 c5 2. Nf3 d6 3. d4 cxd4 4. Nxd4 Nf6 5. Nc3 a6 6. Bg5 e6 7. f4 Be7 8. Qf3 Qc7 9. 0-0-0 Nbd7 10. g4 0-0 11. Bxf6 Bxf6 12. g5 Bxd4 13. Rxd4 b5 14. Bg2 Rb8 15. Rhd1 Rb6 16. Qh5 Bb7 17. R4d3 Rc8 18. Rh3 Nf8 19. Rd2 Rc6 20. a3 a5 21. Qe2 b4 22. Nb5 Qb6 23. a4 Ba6 24. Bf1 Ng6 25. Qg4 Rc5 26. f5 Nf8 27. f6 Bxb5 28. Bxb5 Re5 29. fxg7 Kxg7 30. Qf4 Qg1+ 31. Rd1 Qg2 0-1

[Event "Burgas op 17th"]
[Site "Ourense"]
[Date "2008.07.09"]
[Round "7"]
[White "Paredes Sanchez, Juan Antonio"]
[Black "De Nacimiento Montano, Antonio"]
[Result "0-1"]
[WhiteElo "2231"]
[BlackElo "2045"]
[PlyCount "62"]
[EventDate "2008.07.03"]
[EventType "swiss"]
[EventRounds "9"]
[EventCountry "ESP"]
[SourceTitle "CBM 125 Extra"]
[Source "ChessBase"]
[SourceDate "2008.09.01"]
[SourceVersion "1"]
[SourceVersionDate "2008.09.01"]
[SourceQuality "1"]

1. e4 c5 2. Nf3 e6 3. d4 cxd4 4. Nxd4 a6 5. Nc3 b5 6. Bd3 Qb6 7. Nf3 Bc5 8. 0-0 Bb7 9. e5 d5 10. exd6 Nf6 11. Bf4 0-0 12. a4 b4 13. a5 Qc6 14. Na4 Nbd7 15. Re1 Rfe8 16. Nxc5 Qxc5 17. Ne5 Rad8 18. Nxd7 Nxd7 19. Qg4 Nf6 20. Qh4 Qd5 21. Qh3 h6 22. Rad1 Qc6 23. Be5 Nd7 24. Bf4 Nf6 25. f3 e5 26. Bd2 b3 27. cxb3 Rxd6 28. Bc3 Nd5 29. Rxe5 Nxc3 30. Rxe8+ Qxe8 31. bxc3 Qe3+ 0-1

[Event "Burgas op 17th"]
[Site "Ourense"]
[Date "2008.07.07"]
[Round "5"]
[White "Arnaudov, Petar G"]
[Black "De Nacimiento Montano, Antonio"]
[Result "1-0"]
[WhiteElo "2311"]
[BlackElo "2045"]
[PlyCount "45"]
[EventDate "2008.07.03"]
[EventType "swiss"]
[EventRounds "9"]
[EventCountry "ESP"]
[SourceTitle "CBM 125 Extra"]
[Source "ChessBase"]
[SourceDate "2008.09.01"]
[SourceVersion "1"]
[SourceVersionDate "2008.09.01"]
[SourceQuality "1"]

1. d4 g6 2. c4 Bg7 3. Nc3 c5 4. d5 Bxc3+ 5. bxc3 Qa5 6. Qc2 f5 7. e4 fxe4 8. f3 Nf6 9. fxe4 Nxe4 10. Bd3 Nf6 11. Nf3 d6 12. 0-0 Bd7 13. Ng5 Na6 14. Nxh7 0-0-0 15. Nxf6 exf6 16. Rxf6 Ba4 17. Qb2 Qc7 18. Bg5 Rdf8 19. Raf1 Rxf6 20. Rxf6 Qh7 21. h4 Qh5 22. Bxg6 Qd1+ 23. Rf1 1-0

[Event "ESP-chT3 Autonomicas"]
[Site "Melilla"]
[Date "2008.05.03"]
[Round "6"]
[White "De Nacimiento Montano, Antonio"]
[Black "Vila Gazquez, Xavier"]
[Result "1/2-1/2"]
[WhiteElo "2040"]
[BlackElo "2418"]
[PlyCount "141"]
[EventDate "2008.04.30"]
[EventType "team"]
[EventRounds "6"]
[EventCountry "ESP"]
[SourceTitle "CBM 124 Extra"]
[Source "ChessBase"]
[SourceDate "2008.07.03"]
[SourceVersion "1"]
[SourceVersionDate "2008.07.03"]
[SourceQuality "1"]

1. c4 e5 2. Nc3 Nf6 3. g3 Bb4 4. Bg2 0-0 5. Nd5 Nxd5 6. cxd5 c6 7. a3 Bc5 8. e3 Re8 9. Ne2 cxd5 10. Bxd5 Nc6 11. b4 Bb6 12. Qb3 Qf6 13. Bb2 Ne7 14. Bg2 d6 15. d4 Be6 16. d5 Bg4 17. Nc3 Qh6 18. 0-0 f5 19. Rfe1 Bh3 20. Na4 Bd8 21. f4 Ng6 22. Qd3 Qh5 23. Bxh3 Qxh3 24. Rac1 a6 25. b5 Ba5 26. Re2 exf4 27. Qd4 Ne5 28. Qxf4 axb5 29. Nc5 dxc5 30. Bxe5 Bb6 31. Bc7 Bxc7 32. Qxc7 Qg4 33. Rf2 Rxe3 34. Qxc5 Rae8 35. d6 Rd3 36. Qxf5 Qxf5 37. Rxf5 Rxd6 38. Rxb5 b6 39. Rcb1 Re2 40. R5b2 Ree6 41. Kg2 h6 42. Kh3 Kf7 43. Rb5 Re2 44. Rxb6 Rdd2 45. Rf1+ Kg8 46. Kg4 Rxh2 47. Rb7 Rd4+ 48. Rf4 h5+ 49. Kf5 Rd3 50. Rh4 Rf2+ 51. Ke4 Rxa3 52. Rxh5 Rxg3 53. Rh1 Rf6 54. Rh2 Rg1 55. Rb8+ Kf7 56. Rbb2 Re1+ 57. Kd5 g5 58. Rh7+ Kg6 59. Rbb7 Kf5 60. Kd4 Kf4 61. Kd3 Rd6+ 62. Kc2 Re2+ 63. Kc3 Re4 64. Rhg7 g4 65. Rb1 Re3+ 66. Kc2 Re2+ 67. Kc3 g3 68. Rf1+ Rf2 69. Rf7+ Ke4 70. R7xf2 Ke3 71. Re1+ 1/2-1/2

[Event "Extremadura-ch U18"]
[Site "Spain"]
[Date "2008.03.18"]
[Round "5"]
[White "Gonzalez Cano, Juan Jose"]
[Black "De Nacimiento Montano, Antonio"]
[Result "1/2-1/2"]
[WhiteElo "1950"]
[BlackElo "2055"]
[PlyCount "83"]
[EventDate "2008.03.15"]
[EventType "swiss"]
[EventRounds "6"]
[EventCountry "ESP"]
[SourceTitle "EXT 2011"]
[Source "ChessBase"]
[SourceDate "2010.11.26"]
[SourceVersion "1"]
[SourceVersionDate "2010.11.26"]
[SourceQuality "1"]

1. e4 c5 2. c3 Nf6 3. e5 Nd5 4. d4 cxd4 5. Nf3 Nc6 6. cxd4 d6 7. Bc4 e6 8. 0-0 Be7 9. Qe2 0-0 10. Qe4 Qc7 11. Bd3 f5 12. exf6 Nxf6 13. Qe2 e5 14. dxe5 dxe5 15. h3 Nh5 16. Nc3 Qa5 17. Re1 Nf4 18. Bxf4 exf4 19. Nd5 Bb4 20. Nxb4 Qxb4 21. Ng5 g6 22. Qf3 Qc5 23. Ne4 Qd4 24. Qd1 Kh8 25. Rc1 Bf5 26. Rc3 Rad8 27. Qb1 Nb4 28. Bc2 Nxc2 29. Qxc2 Rfe8 30. Rc4 Bxe4 31. Rxe4 Rxe4 32. Qxe4 Qxe4 33. Rxe4 Rd1+ 34. Kh2 Rd2 35. Re8+ Kg7 36. Re7+ Kh6 37. Rxb7 Rxf2 38. a4 Rc2 39. Kg1 a5 40. b4 axb4 41. Rxb4 Kg5 42. Rb3 1/2-1/2

[Event "Extremadura-ch U18"]
[Site "Spain"]
[Date "2008.03.17"]
[Round "3"]
[White "Garrido Piriz, Pablo"]
[Black "De Nacimiento Montano, Antonio"]
[Result "0-1"]
[WhiteElo "1458"]
[BlackElo "2055"]
[PlyCount "40"]
[EventDate "2008.03.15"]
[EventType "swiss"]
[EventRounds "6"]
[EventCountry "ESP"]
[SourceTitle "EXT 2011"]
[Source "ChessBase"]
[SourceDate "2010.11.26"]
[SourceVersion "1"]
[SourceVersionDate "2010.11.26"]
[SourceQuality "1"]

1. d4 d5 2. c4 e6 3. Nc3 Be7 4. Nf3 Nf6 5. Bf4 0-0 6. e3 a6 7. Be2 c5 8. 0-0 dxc4 9. Bxc4 b5 10. Bb3 Bb7 11. d5 Nxd5 12. Nxd5 Bxd5 13. Bxd5 Qxd5 14. Qxd5 exd5 15. Rfd1 Rd8 16. Bc7 Rd7 17. Bxb8 Rxb8 18. e4 d4 19. b4 cxb4 20. Nxd4 Rbd8 0-1

[Event "Extremadura-chT"]
[Site "Spain"]
[Date "2008.03.08"]
[Round "8.1"]
[White "De Nacimiento Montano, Antonio"]
[Black "Ugalde Ortiz, Antonio"]
[Result "1-0"]
[WhiteElo "2055"]
[BlackElo "1913"]
[PlyCount "111"]
[EventDate "2008.01.19"]
[EventType "team-swiss"]
[EventRounds "9"]
[EventCountry "ESP"]
[SourceTitle "EXT 2011"]
[Source "ChessBase"]
[SourceDate "2010.11.26"]
[SourceVersion "1"]
[SourceVersionDate "2010.11.26"]
[SourceQuality "1"]
[WhiteTeam "Santa Isabel"]
[BlackTeam "Lasker"]
[WhiteTeamCountry "ESP"]
[BlackTeamCountry "ESP"]

1. e4 e5 2. Nf3 Nc6 3. d4 exd4 4. Bc4 d6 5. Nxd4 Nxd4 6. Qxd4 Nf6 7. Nc3 Bd7 8. 0-0 g6 9. Bg5 Bg7 10. e5 dxe5 11. Qxe5+ Kf8 12. Rad1 h6 13. Be3 c6 14. Bc5+ Kg8 15. Be7 Nd5 16. Bxd8 Bxe5 17. Bh4 Bg4 18. Rde1 Bxc3 19. bxc3 Kg7 20. Bxd5 cxd5 21. Re7 Rhc8 22. Re3 Rc4 23. Bg3 Ra4 24. Ra1 Rc8 25. Be5+ Kg8 26. Bd4 Bf5 27. Re7 b6 28. Re2 Kf8 29. Kf1 Rcc4 30. Bf6 Re4 31. Rd2 Be6 32. Rd4 Rexd4 33. cxd4 Bf5 34. Ke1 Bxc2 35. Kd2 Bf5 36. Ke3 Ra3+ 37. Kf4 Be6 38. h4 b5 39. Rb1 Rxa2 40. f3 a6 41. g4 Ra3 42. Rc1 Ra4 43. Rc7 Rc4 44. Ra7 Rc6 45. Ke5 Bc8 46. g5 hxg5 47. hxg5 b4 48. Kxd5 Rc3 49. Be7+ Ke8 50. Bxb4 Rxf3 51. Re7+ Kd8 52. Kd6 Be6 53. Ra7 Rf5 54. Ra8+ Bc8 55. Bc5 Rxc5 56. dxc5 1-0

[Event "Extremadura-chT"]
[Site "Spain"]
[Date "2008.01.26"]
[Round "2.1"]
[White "De Nacimiento Montano, Antonio"]
[Black "Carrasco Martinez, Juan Manuel"]
[Result "0-1"]
[WhiteElo "2055"]
[BlackElo "2423"]
[PlyCount "44"]
[EventDate "2008.01.19"]
[EventType "team-swiss"]
[EventRounds "9"]
[EventCountry "ESP"]
[SourceTitle "EXT 2011"]
[Source "ChessBase"]
[SourceDate "2010.11.26"]
[SourceVersion "1"]
[SourceVersionDate "2010.11.26"]
[SourceQuality "1"]
[WhiteTeam "Santa Isabel"]
[BlackTeam "Extremadura Magic"]
[WhiteTeamCountry "ESP"]
[BlackTeamCountry "ESP"]

1. e4 d5 2. exd5 Qxd5 3. Nc3 Qd6 4. d4 Nf6 5. Be2 a6 6. Nf3 Nc6 7. h3 b5 8. Be3 e6 9. Ng5 Bb7 10. Nge4 Nxe4 11. Nxe4 Qb4+ 12. c3 Qxb2 13. 0-0 Rd8 14. Bf3 Qa3 15. Qc2 Be7 16. Rfd1 h6 17. c4 b4 18. g4 Nxd4 19. Rxd4 Rxd4 20. Nf6+ Bxf6 21. Bxb7 Rd6 22. c5 Rd3 0-1

[Event "Collado Villalba op 24th"]
[Site "Collado Villalba"]
[Date "2007.08.25"]
[Round "3"]
[White "Huguet Mainar, Sergio"]
[Black "De Nacimiento Montano, Antonio"]
[Result "0-1"]
[WhiteElo "2134"]
[BlackElo "1992"]
[PlyCount "96"]
[EventDate "2007.08.23"]
[EventType "swiss"]
[EventRounds "9"]
[EventCountry "ESP"]
[SourceTitle "EXT 2008"]
[Source "ChessBase"]
[SourceDate "2007.11.25"]
[SourceVersion "1"]
[SourceVersionDate "2007.11.25"]
[SourceQuality "1"]

1. d4 g6 2. c4 Bg7 3. Nc3 c5 4. d5 Bxc3+ 5. bxc3 Qa5 6. Qd3 f5 7. g3 Nf6 8. Bg2 d6 9. Nh3 Nbd7 10. f4 Nb6 11. Ng5 Na4 12. Ne6 Bxe6 13. dxe6 Rb8 14. 0-0 Qxc3 15. Bd2 Qxd3 16. exd3 Kd8 17. Rfb1 Kc7 18. Rb3 a6 19. Rab1 d5 20. cxd5 b5 21. Re1 Kb6 22. d6 exd6 23. e7 Kc7 24. Ba5+ Kd7 25. Bd8 Re8 26. d4 c4 27. Rbe3 Nb6 28. Re6 Nbd5 29. h3 b4 30. g4 Rb5 31. g5 Nh5 32. Bf1 Nhxf4 33. Rf6 Nxe7 34. Bxe7 Rxe7 35. Rc1 d5 36. Rxa6 Ne6 37. Ra7+ Ke8 38. Ra8+ Kf7 39. h4 Nxd4 40. Rxc4 Nf3+ 41. Kf2 Nd2 42. Rcc8 Nxf1 43. Kxf1 Ke6 44. Rc6+ Ke5 45. h5 gxh5 46. Rh6 Kf4 47. Rxh5 Kg4 48. Rh2 Kxg5 0-1

[Event "Collado Villalba op 24th"]
[Site "Collado Villalba"]
[Date "2007.08.23"]
[Round "1"]
[White "Ortiz Suarez, Isan Reynaldo"]
[Black "De Nacimiento Montano, Antonio"]
[Result "1-0"]
[WhiteElo "2390"]
[BlackElo "1992"]
[PlyCount "83"]
[EventDate "2007.08.23"]
[EventType "swiss"]
[EventRounds "9"]
[EventCountry "ESP"]
[SourceTitle "EXT 2008"]
[Source "ChessBase"]
[SourceDate "2007.11.25"]
[SourceVersion "1"]
[SourceVersionDate "2007.11.25"]
[SourceQuality "1"]

1. e4 c5 2. Nf3 d6 3. d4 cxd4 4. Nxd4 Nf6 5. Nc3 g6 6. Be3 Bg7 7. f3 0-0 8. Qd2 Nc6 9. Nb3 a5 10. a4 Be6 11. 0-0-0 Rc8 12. Kb1 Bxb3 13. cxb3 Nd7 14. Bh6 Nc5 15. Bc4 Ne5 16. h4 Nxc4 17. bxc4 Nb3 18. Qe3 e6 19. Bxg7 Kxg7 20. e5 Rxc4 21. h5 Rh4 22. Ne4 Nc5 23. exd6 Nxe4 24. fxe4 e5 25. h6+ Kg8 26. Rhf1 Qd7 27. Qg5 Qg4 28. Qxe5 Qxe4+ 29. Qxe4 Rxe4 30. Rfe1 Rxe1 31. Rxe1 Rd8 32. Re7 Kf8 33. Rxb7 Rxd6 34. Rb5 Rd1+ 35. Ka2 Rh1 36. Rxa5 Rxh6 37. Rb5 Rh2 38. a5 Rxg2 39. a6 Rg4 40. Ra5 Rc4 41. a7 Rc8 42. Rb5 1-0

[Event "ESP-ch U18"]
[Site "Linares"]
[Date "2007.08.02"]
[Round "7"]
[White "De Nacimiento Montano, Antonio"]
[Black "Maura Mundo, Alejandro"]
[Result "0-1"]
[WhiteElo "1992"]
[BlackElo "2133"]
[PlyCount "72"]
[EventDate "2007.07.29"]
[EventType "swiss"]
[EventRounds "9"]
[EventCountry "ESP"]
[SourceTitle "EXT 2008"]
[Source "ChessBase"]
[SourceDate "2007.11.25"]
[SourceVersion "1"]
[SourceVersionDate "2007.11.25"]
[SourceQuality "1"]

1. c4 Nf6 2. Nc3 g6 3. g3 Bg7 4. Bg2 0-0 5. e3 d6 6. Nge2 e5 7. 0-0 Nbd7 8. d4 Re8 9. Qc2 a5 10. b3 c6 11. Bb2 Qe7 12. e4 exd4 13. Nxd4 Nc5 14. h3 Bd7 15. Rad1 Rad8 16. Rfe1 Bc8 17. Ba3 Qc7 18. Kh2 h5 19. f4 Ne6 20. Nf3 Nh7 21. Rd2 b6 22. e5 dxe5 23. Nxe5 Bb7 24. Rxd8 Rxd8 25. Nxg6 Nd4 26. Ne7+ Kh8 27. Qb1 h4 28. Ne2 hxg3+ 29. Nxg3 Qxf4 30. Qe4 Qxe4 31. Rxe4 c5 32. Rf4 Bxg2 33. Kxg2 Nc2 34. Bc1 Rd1 35. Rf1 Ne1+ 36. Kf2 Nd3+ 0-1

[Event "Extremadura-chT"]
[Site "Spain"]
[Date "2007.02.03"]
[Round "3.4"]
[White "Risco Chamizo, Agustin"]
[Black "De Nacimiento Montano, Antonio"]
[Result "0-1"]
[WhiteElo "1803"]
[BlackElo "1968"]
[PlyCount "36"]
[EventDate "2007.01.20"]
[EventType "team-swiss"]
[EventRounds "7"]
[EventCountry "ESP"]
[SourceTitle "EXT 2011"]
[Source "ChessBase"]
[SourceDate "2010.11.26"]
[SourceVersion "1"]
[SourceVersionDate "2010.11.26"]
[SourceQuality "1"]
[WhiteTeam "Ruy Lopez"]
[BlackTeam "Cuna Ajoblanco"]
[WhiteTeamCountry "ESP"]
[BlackTeamCountry "ESP"]

1. Nf3 c5 2. c4 Nc6 3. Nc3 g6 4. g3 Bg7 5. Bg2 e6 6. 0-0 Nge7 7. e4 0-0 8. d3 d5 9. cxd5 exd5 10. exd5 Nxd5 11. Nxd5 Qxd5 12. a3 Bf5 13. Ng5 Qxd3 14. Qa4 h6 15. Ne4 b5 16. Rd1 Qe2 17. Nc3 Bxc3 18. Qb3 Bc2 0-1

[Event "ESP-ch U16"]
[Site "Mondariz"]
[Date "2005.07.12"]
[Round "3"]
[White "Ladron de Guevara Pinto, Miguel"]
[Black "De Nacimiento Montano, Antonio"]
[Result "1-0"]
[WhiteElo "2145"]
[BlackElo "1999"]
[PlyCount "119"]
[EventDate "2005.07.11"]
[EventType "swiss"]
[EventRounds "8"]
[EventCountry "ESP"]
[SourceTitle "CBM 107 Extra"]
[Source "ChessBase"]
[SourceDate "2005.09.01"]
[SourceVersion "1"]
[SourceVersionDate "2005.09.01"]
[SourceQuality "1"]

1. e4 c5 2. Nf3 d6 3. d4 cxd4 4. Nxd4 Nf6 5. Nc3 g6 6. Be3 Bg7 7. f3 0-0 8. Qd2 Nc6 9. Bc4 Nxd4 10. Bxd4 Be6 11. Bb3 Qa5 12. 0-0-0 Rfc8 13. Kb1 Rc7 14. g4 Rac8 15. g5 Nh5 16. Bxg7 Kxg7 17. Qd4+ Kg8 18. Nd5 Bxd5 19. exd5 Qc5 20. Qd2 b5 21. Rc1 Qb6 22. f4 a5 23. c3 b4 24. cxb4 Qxb4 25. Qxb4 axb4 26. Rxc7 Rxc7 27. Rf1 Kf8 28. f5 Ng7 29. fxg6 hxg6 30. Rf4 Rb7 31. Kc2 Nf5 32. Kd3 Ke8 33. h4 Kd7 34. h5 Ke8 35. Bd1 Ra7 36. h6 Kf8 37. Rxb4 Kg8 38. Rb8+ Kh7 39. a4 f6 40. gxf6 exf6 41. Rf8 Kxh6 42. Rxf6 Rb7 43. Kc3 Kg5 44. Re6 Rc7+ 45. Kb4 Rc5 46. Bb3 Rc8 47. Bc4 Kh5 48. Bd3 Rd8 49. Bxf5 gxf5 50. a5 Kg5 51. a6 Rb8+ 52. Ka5 Rxb2 53. Rxd6 f4 54. Rd8 Ra2+ 55. Kb6 Rb2+ 56. Kc5 Ra2 57. d6 Rc2+ 58. Kb4 f3 59. d7 Rd2 60. Rg8+ 1-0